[Event "Olympiad-44"]
[Site "Chennai"]
[Date "2022.08.01"]
[Round "4.3"]
[White "Sultan, Ibrahim"]
[Black "Napoleao, Lourenco"]
[Result "1-0"]
[WhiteElo "2108"]
[BlackElo "1778"]
[PlyCount "106"]
[EventDate "2022.07.29"]
[EventType "team-swiss"]
[EventRounds "11"]
[EventCountry "IND"]
[SourceTitle "CBM 210"]
[Source "ChessBase"]
[SourceDate "2022.10.31"]
[SourceVersion "1"]
[SourceVersionDate "2022.10.31"]
[SourceQuality "1"]
[WhiteTeam "United Arab Emirates"]
[BlackTeam "Mozambique"]
[WhiteTeamCountry "UAE"]
[BlackTeamCountry "MOZ"]

1. d4 d5 2. c4 c6 3. Nf3 Nf6 4. Nbd2 a6 5. Qc2 g6 6. g3 Bg7 7. Bg2 0-0 8. 0-0 a5 9. e4 dxe4 10. Nxe4 a4 11. Nc3 Bf5 12. Qe2 Bg4 13. Rd1 e6 14. a3 Nbd7 15. h3 Bxf3 16. Bxf3 Re8 17. Bf4 Qa5 18. Be3 Nb6 19. Rac1 Rad8 20. Kg2 Rd7 21. g4 Red8 22. g5 Ne8 23. c5 Nc8 24. Qc4 b5 25. cxb6 Nxb6 26. Qxc6 Nc7 27. Rc2 Ncd5 28. Qb5 Qa7 29. Ne4 Nxe3+ 30. fxe3 Nd5 31. Re1 Rb7 32. Qc5 Qb8 33. Qa5 Rxb2 34. Qxa4 Nxe3+ 35. Rxe3 Rxd4 36. Qc6 Rd8 37. Ree2 Rxc2 38. Rxc2 Rf8 39. a4 Qf4 40. Rc4 Kh8 41. Qd6 Qf5 42. Rb4 Rg8 43. Rb5 e5 44. Rb8 Rc8 45. Qc7 Rg8 46. a5 Qe6 47. Kg3 h5 48. Rxg8+ Kxg8 49. Qb6 Qa2 50. h4 f5 51. gxf6 Bh6 52. Qd8+ Kh7 53. Ng5+ Bxg5 1-0

[Event "Online Olym Div3 D"]
[Site "Chess.com INT"]
[Date "2020.08.09"]
[Round "7.3"]
[White "Napoleao, Lourenco"]
[Black "Michailov, Matias"]
[Result "1-0"]
[WhiteElo "1807"]
[BlackElo "2263"]
[PlyCount "159"]
[EventDate "2020.08.07"]
[EventType "team-tourn (rapid)"]
[EventRounds "9"]
[EventCountry "USA"]
[SourceTitle "CBM 198"]
[Source "ChessBase"]
[SourceDate "2020.10.31"]
[SourceVersion "1"]
[SourceVersionDate "2020.10.31"]
[SourceQuality "1"]
[WhiteTeam "Mozambique"]
[BlackTeam "Uruguay"]
[WhiteTeamCountry "MOZ"]
[BlackTeamCountry "URU"]

1. e4 c5 2. Nf3 d6 3. c3 Nf6 4. h3 Nbd7 5. Bd3 b6 6. Bc2 Bb7 7. d3 Qc7 8. Nbd2 Rc8 9. 0-0 g6 10. Re1 Bg7 11. Nf1 0-0 12. a4 a6 13. Ng3 Ne5 14. Nxe5 dxe5 15. Be3 Rfd8 16. Qc1 Nd7 17. Bh6 Bf6 18. Nf1 Nf8 19. Ne3 Ne6 20. Ng4 Bh8 21. Be3 b5 22. axb5 axb5 23. Nh6+ Kf8 24. Ng4 Ra8 25. Bh6+ Kg8 26. Qe3 c4 27. dxc4 bxc4 28. Qg3 Nf4 29. Bxf4 exf4 30. Qf3 Rd2 31. Rxa8+ Bxa8 32. Rc1 Qb8 33. Nh2 h5 34. Nf1 Rd8 35. Rb1 Qe5 36. Ra1 Bf6 37. Qe2 Qc5 38. Kh1 Bc6 39. Ba4 Rd3 40. Bxc6 Qxc6 41. f3 Qd7 42. e5 Bg7 43. Qe4 Qd5 44. Qxf4 Bxe5 45. Qg5 Rd1 46. Rxd1 Qxd1 47. Qxe5 Qxf1+ 48. Kh2 e6 49. Qb8+ Kg7 50. Qe5+ Kf8 51. Qb5 h4 52. b4 Qe2 53. Qc5+ Kg7 54. Qd4+ e5 55. Qe4 f5 56. Qxh4 Qe3 57. Qe7+ Kh6 58. Qf8+ Kh7 59. Qf7+ Kh6 60. Qxc4 e4 61. fxe4 fxe4 62. Qf1 Qd2 63. Qf8+ Kh7 64. Qe7+ Kh6 65. Qh4+ Kg7 66. Qxe4 Qxc3 67. Qf4 Qc6 68. Qe5+ Kf7 69. b5 Qb6 70. Qd5+ Kg7 71. Qc6 Qb8+ 72. Kh1 Qf4 73. Qd7+ Kh6 74. Qd3 Qc1+ 75. Kh2 Qf4+ 76. Qg3 Qd4 77. Qc7 g5 78. b6 g4 79. b7 g3+ 80. Qxg3 1-0